000 01408nam a2200229Ia 4500
008 0000002007 usad 0000000000eng00
020 _a9780897973199
090 _aPRM00 A83a
245 1 0 _aAvigdor Arikha
_b: twentyfive pastels, 19832007
300 _a39 p.
_c/ 30 cm.
500 _aArtista nacido en Rumania y nacionalizado en Israel \ Exposición realizada en Marlborough, New York, 2007 \ Incluye datos biográficos y cronología del artista \ Proyecto Ganador Programa Apoyos Concertados FGAA 2010
505 _aOBRAS : After surgery Noga slumbering Interior with drawings Anne with hand in her pocket View downwards Self protrait holding Self portrait nude torso Studio corner with a cracks in the wall Autumm Anne in the doorway Inca sculpture of stamese brothers Cello bow Two oranges and blue naprin Potatoes The augustinian nums sanatorium Outstretched nude woman Studio interior with posters Anne with a gladiolus Sleeping dog Self portrait in profile from the rece Sunflowers Rare breasts Anemones Chinese boX
600 0 0 _aARIKHA, AVIGDOR, 19292010/
_xTRABAJOS PICTORICOS
650 1 4 _aARTE CONTEMPORANEO RUMANO
650 1 4 _aARTISTAS PLASTICOS RUMANOS
650 1 4 _xCATALOGOS
650 1 4 _aDIBUJO AL PASTEL
650 1 4 _xEXPOSICIONES
650 1 4 _aPINTORES RUMANOS
650 1 4 _aPINTURA RUMANA
999 _c11883
_d11883
260 _aNew York : Marlborough
_c2007